State income of Kerala 1960-61 to 1968-69 (Record no. 496819)

000 -LEADER
fixed length control field 00380cam a22001097a 4500
008 - FIXED-LENGTH DATA ELEMENTS--GENERAL INFORMATION
fixed length control field 180718b1972 xxu||||| |||| 00| 0 eng d
082 ## - DEWEY DECIMAL CLASSIFICATION NUMBER
Classification number T113x5453 1960-61- 1968-61
245 ## - TITLE STATEMENT
Title State income of Kerala 1960-61 to 1968-69
Statement of responsibility, etc. by Bureau of Economics & Statistics
260 ## - PUBLICATION, DISTRIBUTION, ETC.
Place of publication, distribution, etc. Trivandrum
Name of publisher, distributor, etc. Government of Kerala
Date of publication, distribution, etc. 1972
300 ## - PHYSICAL DESCRIPTION
Extent 107p
700 ## - ADDED ENTRY--PERSONAL NAME
Personal name Kerala. Bureau of Economics & Statistics
Holdings
Withdrawn status Lost status Damaged status Not for loan Permanent Location Current Location Date acquired Full call number Barcode Date last seen Price effective from Koha item type
        Indian Institute of Public Administration Indian Institute of Public Administration 2018-08-04 T113x5453 1960-61- 1968-61 GG15629 2018-08-04 2018-08-04 GG

Powered by Koha